Understanding by design using the backward design process / (Record no. 109549)
[ view plain ]
| 000 -LEADER | |
|---|---|
| fixed length control field | 00485nam a2200157 a 4500 |
| 005 - DATE AND TIME OF LATEST TRANSACTION | |
| control field | 20140414093845.0 |
| 008 - FIXED-LENGTH DATA ELEMENTS--GENERAL INFORMATION | |
| fixed length control field | 091013s19uu xx 00 eng d |
| 050 ## - LIBRARY OF CONGRESS CALL NUMBER | |
| Classification number | VCD 374.001 |
| Item number | W63(2) 2000 |
| 100 ## - MAIN ENTRY--PERSONAL NAME | |
| Personal name | Wiggins, Grant |
| 245 ## - TITLE STATEMENT | |
| Title | Understanding by design using the backward design process / |
| Statement of responsibility, etc | Grant Wiggins. |
| 650 ## - SUBJECT ADDED ENTRY--TOPICAL TERM | |
| Topical term or geographic name as entry element | Curriculum planning |
| General subdivision | United States. |
| 650 ## - SUBJECT ADDED ENTRY--TOPICAL TERM | |
| Topical term or geographic name as entry element | Curriculum based |
| General subdivision | assessment |
| -- | United States. |
| 650 ## - SUBJECT ADDED ENTRY--TOPICAL TERM | |
| Topical term or geographic name as entry element | Learning. |
| 942 ## - ADDED ENTRY ELEMENTS (KOHA) | |
| Koha item type | Audio Visual Materials |
| Withdrawn status | Lost status | Damaged status | Home library | Current library | Shelving location | Date acquired | Source of acquisition | Total Checkouts | Full call number | Barcode | Date last seen | Price effective from | Koha item type |
|---|---|---|---|---|---|---|---|---|---|---|---|---|---|
| Luxembourg Library | Luxembourg Library | Audio Visual Material Section | 10/13/2009 | VCD 374.001 W63(2) 2000 | AV1199 | 04/14/2014 | 04/14/2014 | Audio Visual Materials |